| 000 | 00432nam a2200157Ia 4500 | ||
|---|---|---|---|
| 005 | 20250508155930.0 | ||
| 008 | 008 250505s9999 xx 000 0 eng d | ||
| 037 | _aPeriodicals | ||
| 040 |
_aFEDL _beng _cFEDL |
||
| 041 |
_aeng _2eng |
||
| 084 |
_a001.4, JOU/O _qFEDL |
||
| 245 | 0 | _aJournal of educational research. V.44. Jan - Apr.1951 | |
| 300 | _a640p. | ||
| 942 |
_cCR _h001.4, JOU/O |
||
| 999 |
_c1360189 _d1360189 |
||